Online
Catalog
Normal view MARC view

Entry Nombre corporativo

Number of records used in: 3

001 - NÚMERO DE CONTROL

  • campo de control: 1239

003 - IDENTIFICADOR DEL NÚMERO DE CONTROL

  • campo de control: BNPHU

005 - FECHA Y HORA DE LA ÚLTIMA TRANSACCIÓN

  • campo de control: 20240306092710.0

008 - DATOS DE LONGITUD FIJA

  • campo de control de longitud fija: 200615|| aca||aabn | a|a d

010 ## - NÚMERO DE CONTROL DE LA BIBLIOTECA DEL CONGRESO

  • Número de control de LC: n 79021345
  • Número de control de LC cancelado o no válido: no2010166135

040 ## - FUENTE DE LA CATALOGACIÓN

  • Centro catalogador/agencia de origen: DO-SdBNP
  • Lengua de catalogación: spa
  • Centro/agencia transcriptor: BNPHU
  • Normas de descripción: rda

110 2# - ENCABEZAMIENTO-NOMBRE DE ENTIDAD CORPORATIVA

  • Nombre de entidad corporativa o nombre de jurisdicción como elemento de entrada: Naciones Unidas

368 ## - OTROS ATRIBUTOS DE PERSONA O ENTIDAD CORPORATIVA

  • Tipo de entidad corporativa: Agencias internacionales

370 ## - LUGAR ASOCIADO

  • Número de control del registro: e New York (N.Y.) |f Geneva (Switzerland) |f Nairobi (Kenya) |f Vienna (Austria) |2 naf
  • Lugar de residencia/sede: Nueva York
  • Otro lugar asociado: Ginebra (Suiza)
  • Otro lugar asociado: Nairobi (Kenia)
  • Otro lugar asociado: Viena (Austria)

372 ## - CAMPO DE ACTIVIDAD

  • Campo de actividad: Política mundial
  • Campo de actividad: Relaciones internacionales
  • Campo de actividad: Paz

410 2# - TRAZADO DE VÉASE--NOMBRE DE ENTIDAD CORPORATIVA

  • Nombre de entidad corporativa o nombre de jurisdicción como elemento de entrada: UNO

410 2# - TRAZADO DE VÉASE--NOMBRE DE ENTIDAD CORPORATIVA

  • Nombre de entidad corporativa o nombre de jurisdicción como elemento de entrada: Organización de las Naciones Unidas

410 2# - TRAZADO DE VÉASE--NOMBRE DE ENTIDAD CORPORATIVA

  • Nombre de entidad corporativa o nombre de jurisdicción como elemento de entrada: Nações Unidas

410 2# - TRAZADO DE VÉASE--NOMBRE DE ENTIDAD CORPORATIVA

  • Nombre de entidad corporativa o nombre de jurisdicción como elemento de entrada: Nations Unies

410 2# - TRAZADO DE VÉASE--NOMBRE DE ENTIDAD CORPORATIVA

  • Nombre de entidad corporativa o nombre de jurisdicción como elemento de entrada: ONU

510 2# - TRAZADO DE VÉASE ADEMÁS--NOMBRE DE ENTIDAD CORPORATIVA

  • Nombre de entidad corporativa o nombre de jurisdicción como elemento de entrada: Sociedad de las Naciones

670 ## - FUENTE DE DATOS ENCONTRADOS

  • Cita de la fuente: Work cat.: (OSt)367: Naciones Unidas para el Desarrollo 1238, Marco de asistencia de las Naciones Unidas para el Desarrollo :, 2006.

670 ## - FUENTE DE DATOS ENCONTRADOS

  • Cita de la fuente: ABC de las Naciones Unidas, 1998: |b portada (Naciones Unidas) p. 3 (Organización de las Naciones Unidas)

Powered by Koha